InuYasha the movie 4 : fire on the Mystic Island /
Within the dark recesses of Horai Island, a group of half-demons lives under the demonic rule of the Four War Gods. Escaping with barely a shred of hope, Ai, the youngest of the half-demons, returns to the island to face them with InuYasha's help. Fourth feature film based on the characters in...
| Corporate Author: | |
|---|---|
| Other Authors: | , , , , , , |
| Format: | Video DVD |
| Language: | Japanese English |
| Language Notes: | Japanese or dubbed English dialogue, English subtitles. |
| Published: |
San Francisco, CA :
Viz Video,
[2004]
|
| Subjects: |
MARC
| Tag | First Indicator | Second Indicator | Subfields |
|---|---|---|---|
| LEADER | 00000cgm a2200000Ka 4500 | ||
| 001 | in00003419913 | ||
| 005 | 20151206084546.0 | ||
| 007 | vd cvaizq | ||
| 008 | 060518s2004 ja 100 g vajpn d | ||
| 020 | |a 1421507870 | ||
| 020 | |a 9781421507873 | ||
| 024 | 1 | |a 782009235279 | |
| 028 | 4 | 2 | |a DIYM04 |b Viz Media |
| 035 | |a (OCoLC)ocm68967919 | ||
| 035 | |a (OCoLC)68967919 | ||
| 037 | |b Midwest Tape |n http://www.midwesttapes.com | ||
| 040 | |a TEFMT |b eng |c TEFMT |d RCS |d BTCTA |d EHH |d ZAC |d RCS |d GRR |d BNY |d WAU |d CNEDM |d OCLCA |d OCLCQ |d UtOrBLW | ||
| 041 | 1 | |a jpn |a eng |j eng |h jpn | |
| 049 | |a TXAM | ||
| 050 | 1 | 4 | |a PN1995.9.F36 |b I58 2006 |
| 082 | 0 | 4 | |a 791.43/72 |2 22 |
| 090 | |a PN1997.5 |b I5814 2006 | ||
| 245 | 0 | 0 | |a InuYasha the movie 4 : |b fire on the Mystic Island / |c screenplay, Katsuyuki Sumisawa ; producers, Michihiko Suwa, Masuo Ueda, Mikihiro Iwata ; director, Toshiya Shinohara. |
| 246 | 3 | 0 | |a Fire on the Mystic Island |
| 246 | 3 | |a Inu Yasha the movie 4 | |
| 246 | 1 | |6 880-01 |i Original Japanese title: |a Eiga Inuyasha : |b guren no hōraijima | |
| 246 | 3 | 0 | |6 880-02 |a Guren no hōraijima |
| 264 | 1 | |a San Francisco, CA : |b Viz Video, |c [2004] | |
| 264 | 4 | |c ©2004 | |
| 300 | |a 1 videodisc (approximately 100 min.) : |b sound, color ; |c 4 3/4 in. | ||
| 336 | |a two-dimensional moving image |b tdi |2 rdacontent | ||
| 337 | |a video |b v |2 rdamedia | ||
| 338 | |a videodisc |b vd |2 rdacarrier | ||
| 538 | |a DVD; NTSC; region 1; Dolby Digital. | ||
| 546 | |a Japanese or dubbed English dialogue, English subtitles. | ||
| 511 | 0 | |a No voice credits available; original story, Rumiko Takahashi. | |
| 508 | |a Music, Kaoru Wada ; director of photography, Hirofumi Yagi ; editor, Shigeyuki Yamamori ; adapted into English by K. Westlake ; producer, Miho Suzuki. | ||
| 500 | |a Based on author Rumiko Takahashi's manga and the television series. | ||
| 500 | |a Originally released as a motion picture in 2004. | ||
| 521 | 8 | |a Rating: 13+. | |
| 520 | |a Within the dark recesses of Horai Island, a group of half-demons lives under the demonic rule of the Four War Gods. Escaping with barely a shred of hope, Ai, the youngest of the half-demons, returns to the island to face them with InuYasha's help. Fourth feature film based on the characters in the manga and television series. | ||
| 500 | |a Special features: Line art gallery; Japanese Inuyasha movie promos; Special Inuyasha footage. | ||
| 500 | |a Videorecording. | ||
| 650 | 0 | |a Islands |v Drama. | |
| 650 | 0 | |a Demonology |v Drama. | |
| 650 | 0 | |a Battles |v Drama. | |
| 650 | 1 | |a Islands |v Fiction. | |
| 655 | 7 | |a Animated films. |2 lcgft | |
| 655 | 7 | |a Fantasy films. |2 lcgft | |
| 655 | 7 | |a Action and adventure films. |2 lcgft | |
| 655 | 7 | |a Fiction films. |2 lcgft | |
| 655 | 7 | |a Feature films. |2 lcgft | |
| 700 | 1 | |a Sumisawa, Katsuyuki, |e screenwriter. | |
| 700 | 1 | |a Suwa, Michihiko, |e producer. | |
| 700 | 1 | |a Ueda, Masuo, |e producer. | |
| 700 | 1 | |a Iwata, Mikihiro, |e producer. | |
| 700 | 1 | |a Shinohara, Toshiya, |e director. | |
| 700 | 1 | |a Suzuki, Miho, |e producer. | |
| 700 | 1 | |a Takahashi, Rumiko, |d 1957- |t InuYasha. | |
| 710 | 2 | |a Viz Video (Firm) | |
| 880 | 1 | |6 246-01 |i Original Japanese title: |a 映画犬夜叉 : |b 紅蓮の蓬莱島 | |
| 880 | 3 | 0 | |6 246-02 |a 紅蓮の蓬莱島 |
| 994 | |a C0 |b TXA | ||
| 948 | |a cataloged |b h |c 2013/9/13 |d c |e blrosas |f 10:46:59 am | ||
| 999 | |a MARS | ||
| 999 | f | f | |s b412b2db-33b4-3888-b3b6-e63595bcddeb |i e0eca6ca-7356-3ab7-9d49-7139dbcbb267 |t 0 |
| 952 | f | f | |p dvd |a Texas A&M University |b College Station |c Sterling C. Evans Library |d Evans: Media and Reserves (Annex 1st floor) |t 0 |e PN1997.5 I5814 2006 |h Library of Congress classification |i video -- videodisc |m A14842071723 |
| 998 | f | f | |a PN1997.5 I5814 2006 |t 0 |l Evans: Media and Reserves (Annex 1st floor) |